000 00388nam a2200145Ia 4500
008 150201s1984 xx 000 0 und d
082 _a617.525
_bA1984M
100 _aMURRAY
245 2 _aA COLOUR ATLAS OF ACID ETCH TECHNIQUE
250 _a1ST
260 _bWOLFE PUBLICATION
_aLONDON ( U.K)
_c1984
300 _aJan-64
650 _aPREVENTIVE AND COMMUNITY DENTISTRY
942 _2ddc
_cBK
999 _c3115
_d3115